LIBRARY & INFORMATION CENTRE, KCAET, TAVANUR

ONLINE PUBLIC ACCESS CATALOGUE (OPAC)

Production of field crops in India / (Record no. 299)

MARC details
000 -LEADER
fixed length control field 00518cam a2200217ua 4500
041 ## - LANGUAGE CODE
Language code of text/sound track or separate title eng
082 ## - DEWEY DECIMAL CLASSIFICATION NUMBER
Classification number 633.081
Item number PUG/PR
100 ## - MAIN ENTRY--AUTHOR NAME
Personal name Pugh, B M .
245 ## - TITLE STATEMENT
Title Production of field crops in India /
250 ## - EDITION STATEMENT
Edition statement 1 /
260 ## - PUBLICATION, DISTRIBUTION, ETC. (IMPRINT)
Place of publication Allahabad :
Name of publisher Kitabistan ,
Year of publication 1965.
300 ## - PHYSICAL DESCRIPTION
Number of Pages 289 ; .
942 ## - ADDED ENTRY ELEMENTS (KOHA)
Koha item type Books
Holdings
Withdrawn status Lost status Damaged status Home library Current library Date acquired Full call number Accession Number Koha item type
Withdrawn     KAUAET KAUAET 07/04/2012 633.081 8147 Books
Withdrawn     KAUAET KAUAET 07/04/2012 633.081 8154 Books
Withdrawn     KAUAET KAUAET 07/04/2012 633.081 8146 Books
Withdrawn     KAUAET KAUAET 07/04/2012 633.081 8150 Books
Withdrawn     KAUAET KAUAET 03/02/2021 633.081 PUG/PR 8149 Books
Withdrawn     KAUAET KAUAET 03/02/2021 633.081 PUG/PR 8151 Books
Withdrawn     KAUAET KAUAET 03/02/2021 633.081 PUG/PR 8152 Books
Withdrawn     KAUAET KAUAET 03/02/2021 633.081 PUG/PR 8153 Books
free website counter